|
|
|
|
| LEADER |
00000cam a2200000 i 4500 |
| 001 |
1/572 |
| 008 |
000405s1996 gr | ||| |||| ||gre|| |
| 035 |
|
|
|l 10059709
|
| 040 |
|
|
|a GR-MyUa
|b gre
|e AACR2
|
| 041 |
0 |
|
|a gre
|
| 082 |
7 |
|
|a 519.5076
|2 (22)
|
| 100 |
1 |
|
|a Ζαχαροπούλου, Χρυσούλα.
|
| 245 |
1 |
0 |
|a Ασκήσεις στατιστικής /
|c Χρυσούλα Ζαχαροπούλου.
|
| 260 |
|
|
|a Θεσσαλονίκη :
|b [χ.ό.],
|c 1996.
|
| 300 |
|
|
|a 360 σ. ;
|c 24 εκ.
|
| 504 |
|
|
|a Περιλαμβάνει βιβλιογραφία.
|
| 650 |
0 |
0 |
|a Mathematical statistics
|v Problems, exercises, etc.
|
| 852 |
|
|
|a INST
|b CHIOS
|e 20000405
|h 519.5076 ΖΑΧ
|p 005200018070
|q 005200018070
|t BK
|y 0
|
| 901 |
|
|
|a BIBL2-2000-1
|
| 970 |
|
|
|a ΣΑΛΑΜΟΥΡΑ
|b ΜΑΡΙΑ
|z 2000/04/05
|